Molecular Basis of Drug Action: электронный курс
| Hovedforfatter: | |
|---|---|
| Institution som forfatter: | |
| Summary: | Заглавие с экрана The course "Molecular Basis of Drug Action" is studied by 1st year students of the main educational program for masters in the specialty 18.04.01 "Chemical technology" in the 2nd semester. As a result of studying the discipline "Molecular basis of the action of drugs", the student should achieve the following results: Ability to perform critical analysis of problem situations based on a systematic approach, to develop an action strategy; Ability to search, process, analyze, systematize scientific and technical information on the topic of research, the choice of methods, means of solving the problem. Доступ по логину и паролю |
| Sprog: | russisk |
| Udgivet: |
Томск, TPU Moodle, 2020
|
| Fag: | |
| Online adgang: | https://design.lms.tpu.ru/course/view.php?id=4043 |
| Format: | Electronisk Bog |
| KOHA link: | https://koha.lib.tpu.ru/cgi-bin/koha/opac-detail.pl?biblionumber=666848 |
MARC
| LEADER | 00000nlm0a2200000 4500 | ||
|---|---|---|---|
| 001 | 666848 | ||
| 005 | 20231227132154.0 | ||
| 035 | |a (RuTPU)RU\TPU\network\38052 | ||
| 035 | |a RU\TPU\network\38051 | ||
| 090 | |a 666848 | ||
| 100 | |a 20220201d2020 m y0rusy50 ba | ||
| 101 | 0 | |a rus | |
| 102 | |a RU | ||
| 105 | |a a j 000zy | ||
| 135 | |a jrcn ---uucaa | ||
| 181 | 0 | |a i | |
| 182 | 0 | |a b | |
| 200 | 1 | |a Molecular Basis of Drug Action |e электронный курс |f А. П. Чернова |g Национальный исследовательский Томский политехнический университет, Инженерная школа природных ресурсов, Отделение химической инженерии | |
| 203 | |a Текст |c электронный | ||
| 210 | |a Томск |c TPU Moodle |d 2020 | ||
| 300 | |a Заглавие с экрана | ||
| 330 | |a The course "Molecular Basis of Drug Action" is studied by 1st year students of the main educational program for masters in the specialty 18.04.01 "Chemical technology" in the 2nd semester. As a result of studying the discipline "Molecular basis of the action of drugs", the student should achieve the following results: Ability to perform critical analysis of problem situations based on a systematic approach, to develop an action strategy; Ability to search, process, analyze, systematize scientific and technical information on the topic of research, the choice of methods, means of solving the problem. | ||
| 333 | |a Доступ по логину и паролю | ||
| 606 | 1 | |a Химико-фармацевтическое производство |2 stltpush |3 (RuTPU)RU\TPU\subj\68752 |9 83916 | |
| 610 | 1 | |a электронный ресурс | |
| 610 | 1 | |a труды учёных ТПУ | |
| 610 | 1 | |a электронные учебные пособия | |
| 610 | 1 | |a учебные пособия | |
| 610 | 1 | |a Moodle | |
| 610 | 1 | |a e-learning | |
| 675 | |a 661.12(075.8) |v 3 | ||
| 700 | 1 | |a Чернова |b А. П. |c химик |c доцент Томского политехнического университета, кандидат химических наук |f 1984- |g Анна Павловна |3 (RuTPU)RU\TPU\pers\37879 |9 20570 | |
| 712 | 0 | 2 | |a Национальный исследовательский Томский политехнический университет |b Инженерная школа природных ресурсов |b Отделение химической инженерии |3 (RuTPU)RU\TPU\col\23513 |
| 801 | 2 | |a RU |b 63413507 |c 20220714 |g RCR | |
| 856 | 4 | |u https://design.lms.tpu.ru/course/view.php?id=4043 | |
| 942 | |c CF | ||